Endemic Animals By Country - Statistics

General Stats
  • This quiz has been taken 45 times
    13 since last reset
  • The average score is 14 of 19
Answer Stats
Picture Hint Answer % Correct
Tasmanian devil Australia
100%
Giant panda China
100%
Ring-tailed lemur Madagascar
100%
Siberian crane Russia
100%
Vancouver island marmot Canada
92%
Bavarian pine vole Austria
77%
Okapi Democratic Republic of the Congo
77%
Kakapo New Zealand
77%
Luzon bleeding-heart Philippines
77%
Golden lancehead Brazil
69%
Bali myna Indonesia
69%
Blue-footed booby Ecuador
62%
Gelada Ethiopia
62%
Lion-tailed macaque India
54%
Lake Garda carpione Italy
54%
Amami rabbit Japan
54%
Vaquita Mexico
54%
Hula painted frog Israel
46%
'I'iwi United States
46%
No matching quizzes found
Score Distribution
Percent of People with Each Score
Percentile by Number Answered
Your Score History
You have not taken this quiz since the last reset